000 00482nam a2200181 i 4500
001 bgj
100 1 _aLENZ, Walter.
245 1 0 _aFranzosen Kreuz und Quer :
_bein weiteres Alphabet /
_cWalter Lenz.
260 _aDüsseldorf :
_bEugen Diederichs Verlag,
_c1956.
300 _a204, [4] s., 8 k. ;
_bil. ;
_c22 cm.
650 _aNauki społeczne
040 _cBPK
041 0 _ager
044 _aDEU
080 _a3
942 _cKS
008 s gw f |000 0 ger
999 _c50556
_d50556
856 _uhttp://koha.tu.koszalin.pl/cgi-bin/koha/opac-detail.pl?biblionumber=50556
_yKatalog online BPK